Statistics for League of Legends Items

Click here to take the quiz!

General Stats

  • This quiz has been taken 438 times
  • The average score is 32 of 176

Answer Stats

Answer% Correct
Doran's Blade
66%
Doran's Ring
66%
Doran's Shield
66%
Infinity Edge
63%
Health Potion
58%
Long Sword
55%
Rabadon's Deathcap
51%
Ninja Tabi
50%
Ionion Boots of Lucidity
49%
Boots of Mobility
48%
Boots of Speed
48%
Boots of Swiftness
48%
Mercury's Treads
48%
Sorcerer's Shoes
48%
Trinity Force
48%
The Bloodthirster
45%
Blade of the Ruined King
44%
Farsight Orb
40%
Greater Stealth Totem
40%
B. F. Sword
39%
Dagger
39%
Greater Vision Totem
39%
Oracle's Lens
39%
Phantom Dancer
39%
Scrying Orb
39%
Sweeping Lens
39%
Vision Ward
39%
Warding Totem
39%
Ruby Crystal
38%
Stealth Ward
38%
Explorer's Ward
37%
Guardian Angel
37%
Zhonya's Hourglass
37%
Mana Potion
36%
Thornmail
36%
The Black Cleaver
35%
Warmog's Armor
33%
Cloth Armor
32%
Zeal
31%
Morellonomicon
30%
Spirit Visage
29%
Void Staff
29%
Amplifying Tome
28%
Sheen
28%
Hextech Gunblade
27%
Pickaxe
27%
Ravenous Hydra
27%
Runaan's Hurricane
27%
Rod of Ages
26%
Statikk Shiv
26%
Sunfire Cape
25%
Blasting Wand
24%
Cloak of Agility
24%
Frozen Heart
24%
Manamune
24%
Needlessly Large Rod
23%
Randuin's Omen
23%
Phage
22%
Rylai's Crystal Scepter
22%
Youmuu's Ghostblade
22%
Chain Vest
21%
Lich Bane
21%
Abyssal Scepter
20%
Guinsoo's Rageblade
20%
Null-Magic Mantle
20%
Sapphire Crystal
20%
Giant's Belt
19%
Liandry's Torment
19%
Tiamat
19%
Vampiric Scepter
19%
Essence Reaver
18%
Negatron Cloak
18%
Iceborn Gauntlet
17%
Kindlegem
17%
Last Whisper
17%
Nashor's Tooth
17%
Archangel's Staff
16%
Banshee's Veil
16%
Locket of the Iron Solari
16%
Mejai's Soulstealer
16%
Muramana
16%
Quicksilver Sash
16%
Frozen Mallet
15%
Hunter's Machete
14%
Recurve Bow
14%
Relic Shield
14%
Fiendish Codex
13%
Stinger
13%
Ancient Coin
12%
Banner of Command
12%
Faerie Charm
12%
Hexdrinker
12%
Hextech Revolver
12%
Seraph's Embrace
12%
Wit's End
12%
Ardent Censer
11%
Athene's Unholy Grail
11%
Maw of Malmortius
11%
Mikael's Crucible
11%
The Brutalizer
11%
Bilgewater Cutlass
10%
Mercurial Scimitar
10%
Ohmwrecker
10%
Warden's Mail
10%
Catalyst the Protector
9%
Ruby Sightstone
9%
Sightstone
9%
Elixir of Wrath
8%
Face of the Mountain
8%
Seeker's Armguard
8%
Twin Shadows
8%
Aegis of the Legion
7%
Elixir of Sorcery
7%
Frostfang
7%
Stalker's Blade
7%
Aether Wisp
6%
Brawler's Gloves
6%
Crystalline Bracer
6%
Crystalline Flask
6%
Forbidden Idol
6%
Frost Queen's Claim
6%
Haunting Guise
6%
Righteous Glory
6%
Targon's Brace
6%
Will of the Ancients
6%
Zeke's Herald
6%
Zephyr
6%
Avarice Blade
5%
Chalice of Harmony
5%
Glacial Shroud
5%
Perfect Hex Core
5%
Prototype Hex Core
5%
Rejuvination Bead
5%
Spectre's Cowl
5%
Sword of the Occult
5%
The Hex Core mk-1
5%
The Hex Core mk-2
5%
Wriggle's Lantern
5%
Sanguine Blade
4%
Skirmisher's Sabre
4%
Elixir of Ruin
3%
Hextech Sweeper
3%
Spelltheif's Edge
3%
Bonetooth Necklace
2%
Elixer of Iron
2%
Golden Transcendence
2%
Nomad's Medallion
2%
Oracle's Extract
2%
Poacher's Knife
2%
Raptor Cloak
2%
Talisman of Ascension
2%
The Black Spear
2%
The Lightbringer
2%
Berserker's Grieves
1%
Diet Poro-Snax
1%
Entropy
1%
Guardian's Horn
1%
Lord Van Damm's Pillager
1%
Moonflair Spellblade
1%
Orb of Winter
1%
Overlord's Bloodmail
1%
Poro-Snax
1%
Wicked Hatchet
1%
Wooglet's Witchcap
1%
Zz's Ror Portal
1%
Blackfire Torch
0%
Dervish Blade
0%
Grez's Spectral Lantern
0%
Madred's Razors
0%
Odyn's Veil
0%
Prospector's Blade
0%
Prospector's Ring
0%
Ranger's Trailbalzer
0%
Soul Anchor
0%
Tear fof the Goddess
0%
Total Biscuit of Rejuvination
0%

Score Distribution

Percentile by Number Answered

Percent of People with Each Score

Your Score History

You have not taken this quiz